00619nam a22002177a 450000500170000001000110001702000100002803500110003803700160004904000120006508200160007710000170009324500550011024600060016526000500017127000460022130000320026750000520029965000220035165000280037320170124105926.0 a916811 c70.00 ha916811 bCen Lib/Ret aDPLbEN a331.11bBAT aBatra, V. P. aThe economy and human resources /cby V. P. Batra  b  bB.R. Publishing Corporationc1978aNew Delhi  bNew Delhi a461, Vivekanand Nagare110005 axv, 216p. :c21cm(Hb)bill. a Includes bibliographical references and index  aManpower zIndia  aEconomic policyzIndia